Estudiemos las culturas indígenas de Colombia / Leah B. Ellis de Walter, Linda Criswell, Editores (Registro nro. 40861)
[ vista simple ]
| 000 -LÍDER | |
|---|---|
| Campo fijo de descripción fija | 004130000a22001450004500 |
| 020 ## - NÚMERO INTERNACIONAL NORMALIZADO PARA LIBROS | |
| Número Internacional Normalizado del libro | 0-88312-682-6 |
| 041 0# - CÓDIGO DE IDIOMA | |
| Código de idioma para texto/pista de sonido o título separado | |
| 082 04 - NÚMERO DE CLASIFICACIÓN DECIMAL DEWEY | |
| Número de clasificación | G 986.1 E471e |
| 001 - NÚMERO DE CONTROL | |
| Campo de control | 11650 |
| 245 10 - TÍTULO | |
| Título del Material | Estudiemos las culturas indígenas de Colombia / Leah B. Ellis de Walter, Linda Criswell, Editores |
| 260 ## - PUBLICACIÓN, DISTRIBUCIÓN, ETC. (PIE DE IMPRENTA) | |
| Lugar de publicación, distribución, etc. | Meta, Colombia : Townsend |
| 300 ## - DESCRIPCIÓN FÍSICA | |
| Extensión | 205 Pag |
| 500 ## - NOTA GENERAL | |
| Nota General | EL EJEMPLAR 3 SE PERDIÓ (Inventario 14326) |
| 942 ## - TIPO DE MATERIAL (KOHA) | |
| Tipo de Item KOHA | Libros General |
| Estado de Material | Estado de Perdido | Estado de Dañado | No para Préstamo | Colección | Tomo | Biblioteca de Origen | Biblioteca Permanente | Fecha de Adquisición | Total de Préstamos | Signatura Topográfica | Código de Barras | Última vez visto | Ejemplar/Existencia | Fecha de Remplazo | Tipo de Material |
|---|---|---|---|---|---|---|---|---|---|---|---|---|---|---|---|
| Colección General | Biblioteca FUSBC | Biblioteca FUSBC | 05/07/2007 | G 986.1 E471e | 16473 | 12/12/2019 | 1 | 26/01/2016 | Libros General |
